000 01419 a2200205 4500
001 47458
005 20260407155741.0
008 260407a1967 arg spa d
003 AR-UNSa-BCEJYS
040 _aAR-UNSa-BCEJYS
_bspa
_cAR-UNSa-BCEJYS
080 _a330.834
_xKeynes y el keynesianismo. Neokeynesianismo. Poskeynesianismo
245 1 0 _aIntroducción a la dinámica keynesiana
264 1 _aMéxico :
_bFondo de Cultura Económica
_c1967
300 _a225 p.
_c21 cm.
505 _a1. Metodología macroeconómica. Introducción -- Parte I: Relaciones funcionales básicas: 2. La función del consumo - 3. La función de la inversión - 4. La función de la liquidez - 5. La función de ajuste del ahorro y la inversión -- Parte II: Conducta dinámica del ingreso: 6. El multiplicador y las fluctuaciones del ingreso - 7. La estabilidad dinámica del equilibrio - 8. La dinámica de la inflación - 9. El ingreso, la ocupación y el equilibrio internacional - 10. Flexibilidad de precios y ocupación plena automática -- Parte III: Dinámica económica secular: 11. Teoremas macroeconómicos seculares - 12. Acumulación de capital y equilibrio - 13. Crecimiento nacional y desarrollo internacional.
942 _cBK
590 _aniveau_biblio:m niveau_hierar:0
100 1 _aKurihara, Kenneth k.
856 4 1 _uhttps://www.biblioeco.unsa.edu.ar/pmb/images/libros/L127505.jpg
_yImagen de portada
_qimage/jpeg
999 _c4362
_d4362